000 01169nam a2200325 a 4500
001 000114405
003 CHAP
005 20220329144440.0
008 180119s2017 mx sm |||||||spa d
010 _a110866
011 _a111838
040 _cCHAP
090 _aTesis
100 1 _aLópez Jaramillo, Johanna Alejandra
_9134443
245 1 0 _aCalidad de agua de la subcuenca del río chapingo. Texcoco Edo. de Méx.
_h[En línea]
_cpor Johanna Alejandra López Jaramillo.
260 _aChapingo, Méx. :
_bEl autor,
_c2017.
500 _aPara ver el contenido del material haga clic en la liga
502 _aTesis (Ing. en Recursos Naturales Renovables) -- UACH. Departamento de Suelos
590 _aE6339RRR
_b05
_c20180119
_lUCH01
_h1448
590 _aE6339RRR
_b05
_c20180119
_lUCH01
_h1449
590 _aE6339RRR
_b05
_c20180119
_lUCH01
_h1451
650 1 4 _aAgua
_xBacteriología.
_92314
650 1 4 _aAgua
_xCalidad.
_92316
650 1 4 _aAgua
_xContaminación.
_92351
650 1 4 _aCuencas
_xEscurrimientos
_xMedición.
_9131602
856 _aFinding aid
_uhttp://10.13.5.2/tesis/sist114405.pdf
_zTeclea aquí
901 _aBK
942 _cLIBRO
942 _n0
999 _c110866
_d110866